000 01979nam a2200241Ia 4500
008 260220t1998||||xx |||||||||||||| ||spa||
040 _aPY-SlUNAC
_bspa
_erda
041 _aspa
082 _a614.42
_bP212e
110 _aParaguay.
_bMinisterio de Salud Pública y Bienestar Social.
_bDivisión de Programación de Población y Recursos Humanos
_eAutor
245 0 _aEncuestas sobre oportunidades perdida de atención integral del adolescente /
_cpor Paraguay. Ministerio de Salud Pública y Bienestar Social [Autor]
264 _aAsunción :
_bMinisterio de Salud Pública y Bienestar Social,
_c℗1998.
300 _a1 volumen
520 _aEl libro "Encuestas sobre oportunidades perdidas de atención integral del adolescente", publicado por el Ministerio de Salud Pública y Bienestar Social de Asunción en 1998, presenta un análisis detallado de las deficiencias en la atención médica y social dirigidas a la población adolescente en Paraguay. A través de diversas encuestas, el texto identifica las barreras que impiden el acceso a servicios de salud integral, incluyendo factores socioeconómicos, culturales y estructurales. Se enfatiza la importancia de una atención holística que abarque no solo la salud física, sino también el bienestar emocional y social de los jóvenes. El documento propone recomendaciones para mejorar la atención a este grupo etario, sugiriendo políticas públicas que promuevan la inclusión y el acceso equitativo a recursos. Este trabajo es fundamental para entender las dinámicas que afectan a los adolescentes en Paraguay y para impulsar estrategias efectivas que respondan a sus necesidades específicas, contribuyendo así al desarrollo integral de esta población vulnerable.
653 _aAdolescentes
653 _aEncuestas
653 _aSalud
942 _b2026/02/17
_cBK
999 _c8471
_d8471